|
|
|
|
| LEADER |
00000cam a2200000 a 4500 |
| 001 |
vtls010191898 |
| 003 |
SK-MaSNL |
| 005 |
20260301213201.0 |
| 008 |
251120s2010 xo a f j f000 0 slo |
| 013 |
|
|
|a 287483
|b sz
|c patent
|d 20101108
|e dátum nadobudnutia účinkov patentu (Vestník ÚPV SR č.: 11/2010)
|d 20101021
|e dátum sprístupnenia patentu
|
| 013 |
|
|
|a 1723-2002
|e číslo prihlášky
|d 20010607
|e dátum podania prihlášky
|d 20030603
|e dátum zverejnenia prihlášky (Vestník ÚPV SR č.: 6/2003)
|
| 013 |
|
|
|a 1151/00
|e číslo prioritnej prihlášky
|d 20000609
|e dátum podania prioritnej prihlášky
|b CH
|e kód krajiny prioritnej prihlášky
|
| 015 |
|
|
|a SNBN2017
|
| 040 |
|
|
|a SNK
|b slo
|c SNK
|e AACR2
|
| 041 |
0 |
|
|a slo
|
| 044 |
|
|
|a xo
|c SK
|
| 072 |
|
7 |
|a 632
|x Ochrana rastlín. Fytopatológia
|2 konspekt
|
| 080 |
|
|
|a 632.9
|2 2001
|
| 080 |
|
|
|a 632.954
|2 2001
|
| 080 |
|
|
|a 632.934
|2 2001
|
| 084 |
|
|
|a C07D 401/00
|2 IPC
|
| 084 |
|
|
|a C07D 405/00
|2 IPC
|
| 084 |
|
|
|a C07D 409/00
|2 IPC
|
| 084 |
|
|
|a C07D 413/00
|2 IPC
|
| 084 |
|
|
|a C07D 417/00
|2 IPC
|
| 084 |
|
|
|a C07D 213/00
|2 IPC
|
| 084 |
|
|
|a A01N 43/34
|2 IPC
|
| 245 |
0 |
0 |
|a Substituované pyridíny, spôsob ich prípravy, herbicídna a rast rastlín inhibujúca kompozícia a ich použitie
|c Andrew Edmunds ... [et al.] ; patent. zást. Dagmar Čechvalová
|
| 260 |
|
|
|a [Banská Bystrica]
|b Úrad priemyselného vlastníctva SR
|c [2010]
|
| 300 |
|
|
|a 53 s.
|b tab.
|c 30 cm
|
| 650 |
0 |
7 |
|a ochrana rastlín
|2 SNKPH
|9 3636
|
| 650 |
0 |
7 |
|a herbicídy
|2 SNKPH
|9 14852
|
| 650 |
0 |
7 |
|a Plant conservation
|2 SNKPHeng
|9 275972
|
| 650 |
0 |
7 |
|a chemická ochrana rastlín
|2 SNKPH
|9 67633
|
| 650 |
0 |
7 |
|a Chemical plant protection
|2 SNKPHeng
|9 267124
|
| 650 |
0 |
7 |
|a Herbicides
|2 SNKPHeng
|9 321696
|
| 655 |
|
7 |
|a patenty
|2 SNKPH
|9 177343
|
| 655 |
|
7 |
|a patent licenses
|2 SNKPHeng
|9 303430
|
| 700 |
1 |
|
|a De Mesmaeker, Alain
|4 org
|9 599739
|
| 700 |
1 |
|
|a Lüthy, Christoph
|4 org
|9 599740
|
| 700 |
1 |
|
|a Čechvalová, Dagmar
|4 oth
|9 305714
|
| 700 |
1 |
|
|a Schaetzer, Jürgen
|4 org
|9 599741
|
| 700 |
1 |
|
|a Edmunds, Andrew
|4 org
|9 599742
|
| 710 |
2 |
|
|a Syngenta Participations AG (Bazilej, Švajčiarsko)
|4 pth
|9 599743
|
| 852 |
|
|
|a Štátna vedecká knižnica v Banskej Bystrici
|
| 999 |
|
|
|c 920739
|d 922669
|
| 952 |
|
|
|a SNK
|b SNK
|y PREZ
|7 0
|p 17A1058031
|o snkSK 287483
|i snk2012/24984
|8 0
|0 0
|1 0
|4 0
|d 2012-12-04
|l 0
|r 2026-02-24 08:14:22
|w 2026-02-24
|